02461nam a2200241 a 450000100080000000500110000800800410001910000220006024501510008226001670023330000090040052016170040965000120202665000150203865000200205365000120207365000180208565300250210370000210212870000230214970000280217270000190220019972922025-11-04 2014 bl uuuu u00u1 u #d1 aFRANÇA, N. de O. aProdução, sobrevivência e tolerância à seca da Laranjeira Valência sobre 14 porta-enxertos no Litoral Norte da Bahia.h[electronic resource] aIn: CONGRESSO BRASILEIRO DE FRUTICULTURA, 23., 2014, Cuiabá. Fruticultura: oportunidades e desafios para o Brasil: anais. Cuiabá: SBF: UFMT: CREA-MT: MAPAc2014 a4 p. aA citricultura tem papel relevante na economia do Brasil, apresentando produto interno bruto anual de cerca de nove bilhões de reais e gerando mais de 300 mil empregos diretos e indiretos (LOPES, 2011). A laranjeira Valência [Citrus sinensis (L.) Osbeck] é considerada uma das variedades copa mais importantes no mundo e é uma das mais cultivadas no Brasil. Dentre suas vantagens, destacam-se a maturação tardia, sabor bastante apreciado com alto teor de suco, aspecto e coloração atraentes. É considerada variedade com excelente aceitação por produtores, comerciantes e distribuidores devido a sua qualidade na aparência, alto rendimento, facilidade na colheita, transporte e armazenamento, enquanto que os consumidores priorizam as características sensoriais (CHITARRA et al. 1990). A variedade porta-enxerto influencia várias características agronômicas da variedade copa, destacando-se: a absorção, síntese e utilização de nutrientes; transpiração e composição química das folhas; porte, precocidade de produção e longevidade das plantas; maturação, peso e permanência de frutos na planta; coloração da casca e do suco dos frutos; teores de açúcares, ácidos e de outros componentes do suco; resistência a doenças, tolerância a insetos-praga e a fatores abióticos, como frio, salinidade e seca; conservação da fruta pós-colheita; e produtividade (POMPEU JUNIOR, 2005; 2005; SCHÄFER et al., 2001). Este trabalho avaliou a produção total, sobrevivência e a tolerância à seca da laranjeira ‘Valência’ enxertada em 14 porta-enxertos no Litoral Norte da Bahia. aOranges aRootstocks aCitrus Sinensis aLaranja aPorta enxerto aLaranjeira Valência1 aAMORIM, M. da S.1 aPEDREIRA, P. P. A.1 aSOARES FILHO, W. dos S.1 aGIRARDI, E. A.